|
|
|
|
| LEADER |
00000nab a2200000 a 4500 |
| 001 |
vtls000606106 |
| 003 |
SK-MaSNL |
| 005 |
20260303173534.0 |
| 008 |
040806c1996 xo 0 slo |
| 015 |
|
|
|a SNBRB19rr/mm-uuuuu
|
| 035 |
|
|
|a CL0606245
|
| 040 |
|
|
|a SNKBUCL
|b slo
|c SNKBUCL
|e AACR2
|
| 041 |
0 |
|
|a slo
|
| 044 |
|
|
|a xo
|c SK
|
| 080 |
|
|
|a 027.53(437.6)
|2 1981
|
| 080 |
|
|
|a 028
|2 1981
|
| 100 |
1 |
|
|a Zubová, Eva
|4 aut
|9 10551
|
| 245 |
1 |
0 |
|a Splnia knižnice budúcnosti predstavy detí?
|c Eva Zubová
|
| 610 |
2 |
7 |
|a Knižnica Mateja Hrebendu (Rimavská Sobota, Slovensko)
|2 snkbucl
|9 32336
|
| 650 |
0 |
7 |
|a knižnice
|2 snkbucl
|9 17965
|
| 650 |
0 |
7 |
|a mládež
|2 snkbucl
|9 1575
|
| 650 |
0 |
7 |
|a deti
|2 snkbucl
|9 773
|
| 650 |
0 |
7 |
|a čitatelia
|2 snkbucl
|9 4965
|
| 655 |
|
7 |
|a články z novín a časopisov
|2 snkbucl
|9 267496
|
| 773 |
0 |
|
|t Knižná revue
|g Roč. 6, č. 23 (1996), s. 8
|
| 850 |
|
|
|a Slovenská národná knižnica v Martine
|a MTA001
|
| 852 |
|
|
|a SNK
|b KIS3GCP
|
| 999 |
|
|
|c 2092853
|d 2094783
|